[Event "WchT Seniors 65"]
[Site "Struga"]
[Date "2023.09.26"]
[Round "7.2"]
[White "Ungure, Liga"]
[Black "Karppinen, Martti"]
[Result "1-0"]
[WhiteElo "1929"]
[BlackElo "1856"]
[PlyCount "83"]
[EventDate "2023.09.19"]
[EventType "team-swiss"]
[EventRounds "9"]
[EventCountry "MKD"]
[SourceTitle "EXT 2024"]
[Source "ChessBase"]
[SourceDate "2023.10.10"]
[SourceVersion "1"]
[SourceVersionDate "2023.10.10"]
[SourceQuality "1"]
[WhiteTeam "Latvia 65 (W)"]
[BlackTeam "Finland 65 II"]
[WhiteTeamCountry "LAT"]
[BlackTeamCountry "FIN"]

1. e4 c5 2. Nf3 Nc6 3. Bb5 g6 4. 0-0 Bg7 5. Re1 a6 6. Bf1 d6 7. c3 Nf6 8. h3 0-0 9. d4 cxd4 10. cxd4 Qb6 11. Nc3 Qc7 12. e5 Ne8 13. Bf4 Qa5 14. a3 dxe5 15. dxe5 Be6 16. b4 Qb6 17. Na4 Qc7 18. Nc5 Rd8 19. Qc1 Qc8 20. Nxe6 fxe6 21. Bg3 Nc7 22. Qc4 Nd5 23. Rab1 Rd7 24. Ng5 Rc7 25. Qh4 h6 26. Nf3 Rf5 27. Bd3 g5 28. Qh5 Nf4 29. Bxf4 Rxf4 30. g3 Rxf3 31. Qxf3 Nxe5 32. Qe4 Rc3 33. Re3 Rc1+ 34. Rxc1 Qxc1+ 35. Kg2 Nxd3 36. Qxe6+ Kh8 37. Rxd3 Qc7 38. Rd7 Qc8 39. Rxe7 Qxe6 40. Rxe6 Bb2 41. a4 Ba3 42. Rb6 1-0

[Event "WchT Seniors 65"]
[Site "Struga"]
[Date "2023.09.22"]
[Round "4.2"]
[White "Ungure, Liga"]
[Black "Danner, Lambert"]
[Result "1-0"]
[WhiteElo "1929"]
[BlackElo "1954"]
[PlyCount "93"]
[EventDate "2023.09.19"]
[EventType "team-swiss"]
[EventRounds "9"]
[EventCountry "MKD"]
[SourceTitle "EXT 2024"]
[Source "ChessBase"]
[SourceDate "2023.10.10"]
[SourceVersion "1"]
[SourceVersionDate "2023.10.10"]
[SourceQuality "1"]
[WhiteTeam "Latvia 65 (W)"]
[BlackTeam "Austria 65"]
[WhiteTeamCountry "LAT"]
[BlackTeamCountry "AUT"]

1. e4 c5 2. Nf3 e6 3. c3 d5 4. exd5 Qxd5 5. d4 Nc6 6. Be3 cxd4 7. cxd4 Nf6 8. Nc3 Qa5 9. Bc4 Bb4 10. Rc1 Nd5 11. Bd2 Nxc3 12. bxc3 Ba3 13. Rb1 a6 14. 0-0 0-0 15. Re1 Bd6 16. Qe2 Qh5 17. Qe4 Qg6 18. Qxg6 hxg6 19. a4 Rb8 20. Ne5 Nxe5 21. dxe5 Bc5 22. Bxa6 Rd8 23. Bg5 Rd7 24. Bb5 Rd5 25. c4 Rd3 26. Rbd1 Rd4 27. Be3 Rxd1 28. Rxd1 Be7 29. Bb6 f6 30. f4 Kf7 31. Rd3 Ra8 32. Rh3 Kg8 33. Rd3 Kf8 34. Kf2 Kf7 35. Ke3 f5 36. Bd8 Bc5+ 37. Kd2 b6 38. Bc6 Ra7 39. Bh4 Rc7 40. Bb5 Bb7 41. Bd8 Rc8 42. Rd7+ Kg8 43. Bxb6 Bxb6 44. Rxb7 Ba5+ 45. Ke2 Rc7 46. Rb8+ Kh7 47. Re8 1-0

[Event "WchT Seniors 50"]
[Site "Prague"]
[Date "2020.03.10"]
[Round "5.25"]
[White "Ungure, Liga"]
[Black "Nowack, Achim"]
[Result "1/2-1/2"]
[WhiteElo "1923"]
[BlackElo "1725"]
[PlyCount "42"]
[EventDate "2020.03.06"]
[EventType "team-swiss"]
[EventRounds "7"]
[EventCountry "CZE"]
[SourceTitle "CBM 195 Extra"]
[Source "ChessBase"]
[SourceDate "2020.05.31"]
[SourceVersion "1"]
[SourceVersionDate "2020.05.31"]
[SourceQuality "1"]
[WhiteTeam "Latvia 50 (W)"]
[BlackTeam "Germany 50 XII"]
[WhiteTeamCountry "LAT"]
[BlackTeamCountry "GER"]

1. d4 c5 2. d5 d6 3. e4 g6 4. Nc3 Bg7 5. Nf3 Nd7 6. a4 Ne5 7. Bb5+ Bd7 8. Nxe5 Bxe5 9. 0-0 a6 10. Bxd7+ Qxd7 11. Qd3 Bg7 12. Nd1 Nf6 13. Ne3 0-0 14. Nc4 Qg4 15. f3 Qh5 16. a5 Nd7 17. f4 f5 18. c3 fxe4 19. Qxe4 Rf7 20. Be3 Nf6 21. Qf3 Qxf3 1/2-1/2

[Event "WchT Seniors 50"]
[Site "Prague"]
[Date "2020.03.08"]
[Round "3.16"]
[White "Ungure, Liga"]
[Black "Sandten, Ulrich"]
[Result "1/2-1/2"]
[WhiteElo "1923"]
[BlackElo "2100"]
[PlyCount "102"]
[EventDate "2020.03.06"]
[EventType "team-swiss"]
[EventRounds "7"]
[EventCountry "CZE"]
[SourceTitle "CBM 195 Extra"]
[Source "ChessBase"]
[SourceDate "2020.05.31"]
[SourceVersion "1"]
[SourceVersionDate "2020.05.31"]
[SourceQuality "1"]
[WhiteTeam "Latvia 50 (W)"]
[BlackTeam "Germany 50 V"]
[WhiteTeamCountry "LAT"]
[BlackTeamCountry "GER"]

1. d4 Nf6 2. Bf4 c5 3. e3 Qb6 4. Nc3 cxd4 5. exd4 d6 6. Bc4 e6 7. Qd2 Be7 8. Nge2 Bd7 9. 0-0 0-0 10. h3 Nc6 11. Be3 d5 12. Bd3 Nb4 13. Nc1 Nxd3 14. Nxd3 Rfc8 15. f3 Be8 16. Ne2 Qc6 17. c3 Nd7 18. Ne5 Qa6 19. Nxd7 Bxd7 20. Nf4 Bd6 21. Nh5 f6 22. Bh6 Bf8 23. Qf4 Qd3 24. Qg4 Qg6 25. Be3 Rc7 26. Qxg6 hxg6 27. Nf4 Kf7 28. Rfe1 g5 29. Nd3 Bb5 30. Rad1 Bd6 31. Bf2 b6 32. g4 Bc4 33. Nc1 Bf4 34. Be3 Bd6 35. Kg2 Rh8 36. Bf2 Rb7 37. Bg3 Be7 38. Re3 Bb5 39. Rde1 Bd7 40. Nd3 Bd8 41. Rh1 Bb5 42. Rhe1 Bxd3 43. Rxd3 b5 44. Bd6 Bc7 45. Bxc7 Rxc7 46. a3 Rb8 47. Kg3 a5 48. h4 gxh4+ 49. Kxh4 Rc4 50. Rde3 Rb6 51. Rd3 Rb8 1/2-1/2

[Event "WchT Seniors 50"]
[Site "Prague"]
[Date "2020.03.07"]
[Round "2.19"]
[White "Southey, Andrew M"]
[Black "Ungure, Liga"]
[Result "0-1"]
[WhiteElo "1781"]
[BlackElo "1923"]
[PlyCount "84"]
[EventDate "2020.03.06"]
[EventType "team-swiss"]
[EventRounds "7"]
[EventCountry "CZE"]
[SourceTitle "CBM 195 Extra"]
[Source "ChessBase"]
[SourceDate "2020.05.31"]
[SourceVersion "1"]
[SourceVersionDate "2020.05.31"]
[SourceQuality "1"]
[WhiteTeam "South Africa 50"]
[BlackTeam "Latvia 50 (W)"]
[WhiteTeamCountry "RSA"]
[BlackTeamCountry "LAT"]

1. e4 c5 2. Nf3 e6 3. d3 Nc6 4. g3 g6 5. Bg2 Bg7 6. 0-0 Nge7 7. a3 0-0 8. c3 d5 9. Qe2 b6 10. exd5 Nxd5 11. Nbd2 Bb7 12. Ne4 h6 13. h4 Qe7 14. Be3 Rad8 15. Rad1 e5 16. Bc1 Ba6 17. Ned2 Rfe8 18. Rfe1 f5 19. c4 Nc7 20. Nb3 Qd6 21. Qc2 Bc8 22. Nh2 Bd7 23. f4 a5 24. Nf3 Ne6 25. fxe5 Nxe5 26. Nxe5 Bxe5 27. Rxe5 Qxe5 28. Qf2 a4 29. Na1 Nd4 30. Bxh6 Qe2 31. Bd5+ Kh7 32. Qxe2 Nxe2+ 33. Kf2 Kxh6 34. Nc2 Nd4 35. Ne3 Bc6 36. g4 f4 37. g5+ Kg7 38. Ng4 Bxd5 39. cxd5 Re2+ 40. Kf1 Rxd5 41. Nf6 Rde5 42. Ne4 Rh2 0-1

[Event "LAT-ch (Women)"]
[Site "Riga"]
[Date "2019.04.30"]
[Round "2"]
[White "Osobskaja, Zinaida"]
[Black "Ungure, Liga"]
[Result "0-1"]
[WhiteElo "1696"]
[BlackElo "1927"]
[PlyCount "114"]
[EventDate "2019.04.29"]
[EventType "swiss"]
[EventRounds "7"]
[EventCountry "LAT"]
[SourceTitle "CBM 190 Extra"]
[Source "ChessBase"]
[SourceDate "2019.07.15"]
[SourceVersion "1"]
[SourceVersionDate "2019.07.15"]
[SourceQuality "1"]

1. Nf3 Nf6 2. g3 g6 3. Bg2 Bg7 4. c4 0-0 5. d4 c6 6. Nc3 d5 7. cxd5 cxd5 8. 0-0 Nc6 9. a3 Bf5 10. Nh4 Be6 11. Qd3 Ne4 12. Nxe4 dxe4 13. Bxe4 Nxd4 14. Be3 Nb3 15. Rab1 Qxd3 16. exd3 Rad8 17. Bxb7 Rxd3 18. Ba6 Rxe3 19. fxe3 Nd2 20. b4 Nxb1 21. Rxb1 Rd8 22. Nf3 h6 23. Be2 g5 24. a4 g4 25. Ne1 Rd2 26. Kf1 Bc3 27. b5 Ra2 28. Nd3 Bf5 29. Rd1 Rxa4 30. Nc5 Ra1 31. Rxa1 Bxa1 32. Bd3 Bxd3+ 33. Nxd3 Bc3 34. Kg2 f5 35. h3 gxh3+ 36. Kxh3 Bd2 37. g4 fxg4+ 38. Kxg4 Bxe3 39. Kf5 Kf7 40. Ne5+ Ke8 41. Ng4 Bd2 42. Ke6 h5 43. Ne5 h4 44. Nf3 h3 45. Kf5 Bc3 46. Kg4 Kd7 47. Kxh3 Kc7 48. Ng5 Kb6 49. Kg4 Kxb5 50. Kf3 Kc4 51. Ke2 a5 52. Kd1 Kb3 53. Ne4 Bb4 54. Nf2 a4 55. Nd3 Bd6 56. Nc1+ Kb2 57. Nd3+ Kb1 0-1

[Event "WchT Seniors 50"]
[Site "Rhodes"]
[Date "2019.04.23"]
[Round "8.10"]
[White "Salonen, Jyrki"]
[Black "Ungure, Liga"]
[Result "1-0"]
[WhiteElo "2162"]
[BlackElo "1930"]
[PlyCount "79"]
[EventDate "2019.04.16"]
[EventType "team-swiss"]
[EventRounds "9"]
[EventCountry "GRE"]
[SourceTitle "CBM 190 Extra"]
[Source "ChessBase"]
[SourceDate "2019.07.15"]
[SourceVersion "1"]
[SourceVersionDate "2019.07.15"]
[SourceQuality "1"]
[WhiteTeam "Finland"]
[BlackTeam "Latvia (Women)"]
[WhiteTeamCountry "FIN"]
[BlackTeamCountry "LAT"]

1. c4 Nf6 2. Nc3 g6 3. d4 Bg7 4. Nf3 0-0 5. e3 c5 6. b3 cxd4 7. Nxd4 Nc6 8. Bb2 Nxd4 9. Qxd4 d6 10. Be2 a6 11. 0-0 Bd7 12. Rfd1 Bc6 13. Qd2 Qb8 14. Rac1 Rc8 15. a4 a5 16. Bf3 Qa7 17. e4 Re8 18. Nd5 Bxd5 19. exd5 Nd7 20. Bxg7 Kxg7 21. Re1 Rac8 22. Rc3 Rc7 23. Bd1 Nc5 24. Rh3 Rh8 25. Qh6+ Kg8 26. Bc2 Qb8 27. Rhe3 Qd8 28. f4 Qf8 29. Qh4 f6 30. Qg3 Qg7 31. h4 Kf7 32. h5 f5 33. Bxf5 Rg8 34. hxg6+ hxg6 35. Be6+ Nxe6 36. Rxe6 Rh8 37. Qg5 Qd4+ 38. R1e3 Qd1+ 39. Kf2 Qc2+ 40. Re2 1-0

[Event "WchT Seniors 50"]
[Site "Rhodes"]
[Date "2019.04.16"]
[Round "1.5"]
[White "Ungure, Liga"]
[Black "Kaspi, Alexander"]
[Result "0-1"]
[WhiteElo "1930"]
[BlackElo "2452"]
[PlyCount "112"]
[EventDate "2019.04.16"]
[EventType "team-swiss"]
[EventRounds "9"]
[EventCountry "GRE"]
[SourceTitle "CBM 190 Extra"]
[Source "ChessBase"]
[SourceDate "2019.07.15"]
[SourceVersion "1"]
[SourceVersionDate "2019.07.15"]
[SourceQuality "1"]
[WhiteTeam "Latvia (Women)"]
[BlackTeam "Israel"]
[WhiteTeamCountry "LAT"]
[BlackTeamCountry "ISR"]

1. Nf3 d5 2. g3 Nf6 3. Bg2 e6 4. 0-0 Be7 5. d3 b6 6. e4 Bb7 7. e5 Nfd7 8. Nbd2 c5 9. Re1 Nc6 10. h4 Qc7 11. Qe2 h6 12. Nf1 0-0-0 13. c3 Kb8 14. N1h2 Rdg8 15. Ng4 Ba6 16. a3 c4 17. d4 b5 18. Ne3 Nb6 19. Nc2 Bc8 20. Nb4 Nd8 21. Bd2 a5 22. Nc2 f5 23. Reb1 g5 24. hxg5 hxg5 25. b3 Bd7 26. a4 cxb3 27. Rxb3 bxa4 28. Rbb1 Ka7 29. Na3 Bxa3 30. Rxa3 Nf7 31. Ne1 Nc4 32. Raa1 Rb8 33. Nd3 Rxb1+ 34. Rxb1 Rb8 35. Ra1 g4 36. Bf4 Bb5 37. Bf1 Nb6 38. Qc2 Nd8 39. Nc5 Bxf1 40. Kxf1 Qc6 41. Nxa4 Nxa4 42. Rxa4 Qb5+ 43. Kg2 Nc6 44. c4 dxc4 45. Qxc4 Ka6 46. Be3 Qxc4 47. Rxc4 Nb4 48. d5 Nxd5 49. Rc6+ Kb5 50. Rxe6 Nxe3+ 51. fxe3 a4 52. e4 fxe4 53. Kf2 a3 54. Rd6 Ra8 55. Rd1 a2 56. Ra1 Ra3 0-1

[Event "LAT-ch (Women)"]
[Site "Riga"]
[Date "2018.05.06"]
[Round "7"]
[White "Sarnovska, Eira"]
[Black "Ungure, Liga"]
[Result "0-1"]
[WhiteElo "1733"]
[BlackElo "1891"]
[PlyCount "48"]
[EventDate "2018.04.30"]
[EventType "swiss"]
[EventRounds "7"]
[EventCountry "LAT"]
[SourceTitle "CBM 184 Extra"]
[Source "ChessBase"]
[SourceDate "2018.06.28"]
[SourceVersion "1"]
[SourceVersionDate "2018.06.28"]
[SourceQuality "1"]

1. Nf3 Nf6 2. g3 g6 3. Bg2 Bg7 4. d4 0-0 5. 0-0 d6 6. b3 e5 7. dxe5 dxe5 8. Bb2 e4 9. Ng5 Qe7 10. Qc1 h6 11. Nh3 Bf5 12. c4 Nc6 13. Nc3 Rfd8 14. Nf4 Nd4 15. e3 Nf3+ 16. Bxf3 exf3 17. Rd1 c6 18. h3 g5 19. g4 Bxg4 20. hxg4 gxf4 21. Rxd8+ Rxd8 22. e4 Nxg4 23. Qxf4 Qh4 24. Qxf3 Rd3 0-1

[Event "LAT-ch (Women)"]
[Site "Riga"]
[Date "2018.05.05"]
[Round "6"]
[White "Ungure, Liga"]
[Black "Golsta, Ramona"]
[Result "1-0"]
[WhiteElo "1891"]
[BlackElo "1696"]
[PlyCount "109"]
[EventDate "2018.04.30"]
[EventType "swiss"]
[EventRounds "7"]
[EventCountry "LAT"]
[SourceTitle "CBM 184 Extra"]
[Source "ChessBase"]
[SourceDate "2018.06.28"]
[SourceVersion "1"]
[SourceVersionDate "2018.06.28"]
[SourceQuality "1"]

1. Nf3 d5 2. g3 e6 3. Bg2 c5 4. 0-0 Nf6 5. d3 Bd6 6. Nbd2 0-0 7. e4 Nc6 8. Re1 Qc7 9. Qe2 Nd7 10. c3 b5 11. Nf1 a5 12. h4 Bb7 13. h5 d4 14. h6 g6 15. Bd2 Nde5 16. Nxe5 Bxe5 17. f4 dxc3 18. bxc3 Bd6 19. Nh2 Rae8 20. e5 Be7 21. Ng4 Rc8 22. Be3 Nb8 23. Bxb7 Qxb7 24. Rab1 Rfd8 25. Nf2 Bf8 26. Ng4 Kh8 27. Red1 Nd7 28. Kf2 Qc6 29. Qf3 b4 30. Qxc6 Rxc6 31. c4 Nb6 32. Rd2 Nc8 33. Rh1 Ne7 34. Nf6 Nf5 35. g4 Nxe3 36. Kxe3 Be7 37. Ne4 Kg8 38. g5 Kf8 39. d4 cxd4+ 40. Rxd4 Rdc8 41. Kd3 Ke8 42. Rc1 Rd8 43. c5 Rdc8 44. Rdc4 Kd7 45. Nd6 Rf8 46. Nb5 Rb8 47. Nd6 Rf8 48. Nb7 Ra8 49. Nd6 Rf8 50. R1c2 Kc7 51. Rd4 Kb8 52. Kc4 Ka7 53. Kb5 Ra6 54. c6 Rb8+ 55. Ka4 1-0

[Event "LAT-ch (Women)"]
[Site "Riga"]
[Date "2018.05.04"]
[Round "5"]
[White "Krumina, Linda"]
[Black "Ungure, Liga"]
[Result "1-0"]
[WhiteElo "2109"]
[BlackElo "1891"]
[PlyCount "61"]
[EventDate "2018.04.30"]
[EventType "swiss"]
[EventRounds "7"]
[EventCountry "LAT"]
[SourceTitle "CBM 184 Extra"]
[Source "ChessBase"]
[SourceDate "2018.06.28"]
[SourceVersion "1"]
[SourceVersionDate "2018.06.28"]
[SourceQuality "1"]

1. d4 Nf6 2. c4 g6 3. Nc3 Bg7 4. e4 d6 5. Be2 0-0 6. Be3 e5 7. d5 a5 8. h4 Na6 9. h5 Nc5 10. h6 Bh8 11. Bg5 c6 12. Qc2 a4 13. Nf3 Qa5 14. 0-0 cxd5 15. Bxf6 Bxf6 16. Nxd5 Bd8 17. b4 axb3 18. axb3 Qxa1 19. Rxa1 Rxa1+ 20. Kh2 Bg4 21. Qb2 Bxf3 22. Bxf3 Ra7 23. b4 Nd7 24. c5 dxc5 25. bxc5 Ra5 26. Qxb7 Nxc5 27. Qb2 Nd7 28. Qb7 Nc5 29. Qb4 Nd7 30. Ne7+ Bxe7 31. Qxe7 1-0

[Event "LAT-chT"]
[Site "Riga"]
[Date "2017.11.19"]
[Round "5.4"]
[White "Ungure, Liga"]
[Black "Erneste, Inguna"]
[Result "0-1"]
[WhiteElo "1912"]
[BlackElo "2110"]
[PlyCount "68"]
[EventDate "2017.11.17"]
[EventType "team-swiss"]
[EventRounds "7"]
[EventCountry "LAT"]
[SourceTitle "CBM 181 Extra"]
[Source "ChessBase"]
[SourceDate "2017.12.12"]
[SourceVersion "1"]
[SourceVersionDate "2017.12.12"]
[SourceQuality "1"]
[WhiteTeam "Chess 24/7"]
[BlackTeam "Ventspils"]
[WhiteTeamCountry "LAT"]
[BlackTeamCountry "LAT"]

1. e4 e5 2. Nf3 Nc6 3. Bc4 Nf6 4. d3 Be7 5. 0-0 0-0 6. c3 d5 7. exd5 Nxd5 8. Re1 Nb6 9. Bb5 f6 10. d4 Bg4 11. Bxc6 bxc6 12. Qb3+ Kh8 13. Nbd2 Bd6 14. h3 Bh5 15. g4 Bg6 16. Nf1 c5 17. dxc5 Bxc5 18. Be3 Bxe3 19. Nxe3 c5 20. Rad1 Qc7 21. c4 Rad8 22. Rxd8 Rxd8 23. Rd1 Be4 24. Rxd8+ Qxd8 25. Nh4 g6 26. Qb5 Qe7 27. Nhg2 f5 28. f4 fxg4 29. hxg4 Bxg2 30. Kxg2 exf4 31. Nd5 Qe2+ 32. Kh3 Qf3+ 33. Kh4 Qg3+ 34. Kg5 Kg7 0-1

[Event "WchT Seniors 50"]
[Site "Hersonissos"]
[Date "2017.04.26"]
[Round "3.8"]
[White "Ungure, Liga"]
[Black "Fletcher, John T"]
[Result "1/2-1/2"]
[WhiteElo "1955"]
[BlackElo "1947"]
[PlyCount "80"]
[EventDate "2017.04.24"]
[EventType "team-swiss"]
[EventRounds "9"]
[EventCountry "GRE"]
[SourceTitle "EXT 2018"]
[Source "ChessBase"]
[SourceDate "2017.10.13"]
[SourceVersion "1"]
[SourceVersionDate "2017.10.13"]
[SourceQuality "1"]
[WhiteTeam "Latvia (W)"]
[BlackTeam "Wales"]
[WhiteTeamCountry "LAT"]
[BlackTeamCountry "WLS"]

1. e4 c5 2. Nf3 Nc6 3. Bb5 g6 4. Bxc6 bxc6 5. 0-0 Bg7 6. Re1 Nf6 7. e5 Nd5 8. c4 Nc7 9. d4 cxd4 10. Qxd4 Ne6 11. Qh4 0-0 12. Nc3 f6 13. Ne4 d5 14. exd6 exd6 15. Rd1 g5 16. Qh5 d5 17. Be3 Qc7 18. cxd5 cxd5 19. Nc3 d4 20. Nxd4 Nf4 21. Bxf4 Qxf4 22. Nd5 Qe4 23. Qf3 Qxf3 24. Nxf3 Rb8 25. Rac1 Rf7 26. b3 Bb7 27. Ne3 Bf8 28. Nf5 Be4 29. N3d4 Rd8 30. f3 Bxf5 31. Nxf5 Rfd7 32. Rxd7 Rxd7 33. Rc2 Rd5 34. g4 Bc5+ 35. Kf1 h5 36. h3 h4 37. Ke2 a5 38. Rd2 Re5+ 39. Kd1 Bb4 40. Re2 Rd5+ 1/2-1/2

[Event "Wch Seniors (Women) 24th"]
[Site "Katerini"]
[Date "2014.11.01"]
[Round "8"]
[White "Birkholz, Olga"]
[Black "Ungure, Liga"]
[Result "1-0"]
[WhiteElo "2067"]
[BlackElo "1997"]
[PlyCount "89"]
[EventDate "2014.10.24"]
[EventType "swiss"]
[EventRounds "11"]
[EventCountry "GRE"]
[SourceTitle "EXT 2015"]
[Source "ChessBase"]
[SourceDate "2014.11.20"]
[SourceVersion "1"]
[SourceVersionDate "2014.11.20"]
[SourceQuality "1"]

1. e4 c5 2. Nf3 e6 3. b3 a6 4. Bb2 d6 5. g3 Nc6 6. Bg2 Nf6 7. Qe2 Be7 8. 0-0 0-0 9. a4 Bd7 10. Na3 Qc7 11. Rfe1 Ng4 12. Nh4 Nge5 13. f4 Ng6 14. Nf3 Rae8 15. h4 f5 16. Ng5 Bxg5 17. hxg5 e5 18. exf5 Bxf5 19. Bd5+ Be6 20. Bxe6+ Rxe6 21. Qg4 Qf7 22. Re2 Nge7 23. Nc4 Nf5 24. Rh2 exf4 25. gxf4 Rfe8 26. Rf1 Re1 27. Qh3 Rxf1+ 28. Kxf1 Qe6 29. Qxh7+ Kf8 30. Ne3 Ncd4 31. Bxd4 Nxd4 32. Qh8+ Kf7 33. Qh5+ Ke7 34. Qh7 Rf8 35. Rf2 Qg8 36. Qe4+ Qe6 37. Qxb7+ Ke8 38. Qh1 Kd7 39. Qh7 Rf7 40. g6 Re7 41. Qh5 Kc8 42. f5 Qe5 43. Qg4 Kb7 44. f6 gxf6 45. g7 1-0

[Event "Wch Seniors (Women) 24th"]
[Site "Katerini"]
[Date "2014.10.26"]
[Round "3"]
[White "Ungure, Liga"]
[Black "Bogumil, Tatiana"]
[Result "0-1"]
[WhiteElo "1997"]
[BlackElo "2149"]
[PlyCount "116"]
[EventDate "2014.10.24"]
[EventType "swiss"]
[EventRounds "11"]
[EventCountry "GRE"]
[SourceTitle "EXT 2015"]
[Source "ChessBase"]
[SourceDate "2014.11.20"]
[SourceVersion "1"]
[SourceVersionDate "2014.11.20"]
[SourceQuality "1"]

1. e4 e6 2. d4 d5 3. Nd2 dxe4 4. Nxe4 Bd7 5. Nf3 Bc6 6. Bd3 Nd7 7. 0-0 Ngf6 8. Ng3 Bxf3 9. Qxf3 c6 10. Re1 Qa5 11. c3 0-0-0 12. b4 Qc7 13. Bf4 Bd6 14. Bxd6 Qxd6 15. Ne4 Nxe4 16. Qxe4 Nf6 17. Qe5 Qxe5 18. Rxe5 Nd5 19. Rc1 a6 20. g3 Kc7 21. Bf1 h5 22. h4 g6 23. a3 Nf6 24. a4 Ng4 25. Rg5 Rhg8 26. a5 f5 27. Re1 Rd6 28. Kg2 Nf6 29. Kf3 Kd7 30. Bc4 Ke7 31. Kf4 Nh7 32. Be2 Kf6 33. Bxh5 Nxg5 34. hxg5+ Kg7 35. Bd1 Rh8 36. Bb3 Kf7 37. Bc4 Rh2 38. Kf3 Ke7 39. Re2 Rh1 40. Kf4 Rc1 41. Re3 Rxd4+ 42. cxd4 Rxc4 43. Rb3 Rxd4+ 44. Ke3 Rg4 45. Rb1 Rxg5 46. Rh1 f4+ 47. gxf4 Rb5 48. Rh7+ Kf6 49. Rc7 Rxb4 50. Kf3 g5 51. fxg5+ Kxg5 52. Rf7 Kg6 53. Rc7 Kf5 54. Rh7 Rb3+ 55. Ke2 Ke4 56. Rh4+ Kd5 57. Rh7 e5 58. Rh4 Rb5 0-1

[Event "Wch Seniors (Women) 24th"]
[Site "Katerini"]
[Date "2014.10.25"]
[Round "2"]
[White "Khropova, Larisa"]
[Black "Ungure, Liga"]
[Result "1/2-1/2"]
[WhiteElo "2026"]
[BlackElo "1997"]
[PlyCount "109"]
[EventDate "2014.10.24"]
[EventType "swiss"]
[EventRounds "11"]
[EventCountry "GRE"]
[SourceTitle "EXT 2015"]
[Source "ChessBase"]
[SourceDate "2014.11.20"]
[SourceVersion "1"]
[SourceVersionDate "2014.11.20"]
[SourceQuality "1"]

1. d4 Nf6 2. c4 g6 3. Nc3 Bg7 4. e4 d6 5. f3 0-0 6. Be3 Nc6 7. Nge2 a6 8. Qd2 Rb8 9. a3 b5 10. cxb5 axb5 11. b4 Bd7 12. d5 Ne5 13. Nd4 Qe8 14. Be2 e6 15. 0-0 exd5 16. exd5 Rb7 17. Rfe1 Qb8 18. h3 Re8 19. Bf1 h5 20. h4 Kh7 21. Kh1 Ng8 22. Ne4 Ne7 23. Nc3 Ng8 24. Rad1 Nh6 25. Ne4 Nf5 26. Nxf5 Bxf5 27. Ng5+ Kg8 28. Bd4 f6 29. Ne4 Bxe4 30. Rxe4 Nc4 31. Bxc4 Rxe4 32. fxe4 bxc4 33. Rf1 Qf8 34. Qc3 Rb8 35. Qxc4 Qe7 36. Bb2 Re8 37. g3 Qxe4+ 38. Qxe4 Rxe4 39. Kg2 f5 40. Bxg7 Kxg7 41. Rc1 Rd4 42. Rxc7+ Kf6 43. Rc2 Ke5 44. b5 Ra4 45. Rc3 Kxd5 46. Kf3 Ra5 47. Rb3 Kc4 48. Rb4+ Kc5 49. Kf4 Rxb5 50. Ra4 Rb3 51. Ra5+ Kc4 52. Ra4+ Kc5 53. Ra5+ Kc4 54. Ra4+ Kc5 55. Ra5+ 1/2-1/2

[Event "LAT-ch (Women)"]
[Site "Riga"]
[Date "2013.04.16"]
[Round "5"]
[White "Berzina, Ilze"]
[Black "Ungure, Liga"]
[Result "1-0"]
[WhiteElo "2292"]
[BlackElo "2043"]
[PlyCount "89"]
[EventDate "2013.04.13"]
[EventType "swiss"]
[EventRounds "9"]
[EventCountry "LAT"]
[SourceTitle "CBM 154 Extra"]
[Source "ChessBase"]
[SourceDate "2013.06.25"]
[SourceVersion "2"]
[SourceVersionDate "2013.06.25"]
[SourceQuality "1"]

1. e4 c5 2. Nf3 e6 3. c4 Nc6 4. Nc3 a6 5. Be2 Nd4 6. 0-0 Ne7 7. Nxd4 cxd4 8. Nb1 e5 9. d3 Ng6 10. Nd2 Be7 11. Nf3 d6 12. b4 0-0 13. Bd2 f5 14. exf5 Rxf5 15. Ne1 Bg5 16. Bf3 Bxd2 17. Qxd2 Nf4 18. Kh1 Qh4 19. g3 Qh3 20. Rg1 Ne6 21. Qe2 Qh6 22. Bd5 Kh8 23. Nc2 Rb8 24. Rae1 Rf6 25. c5 Nc7 26. Bg2 Bd7 27. cxd6 Rxd6 28. Qxe5 Bb5 29. Nxd4 Bxd3 30. Rd1 Re8 31. Qc5 b6 32. Qc3 Red8 33. Rxd3 Nb5 34. Qc4 Nxd4 35. Rgd1 Qf6 36. Qxa6 Qxf2 37. a4 h5 38. a5 h4 39. axb6 hxg3 40. Rxg3 Rh6 41. Qa3 Re8 42. Rf1 Re1 43. Qa8+ Kh7 44. Qe4+ Nf5 45. Rxe1 1-0

[Event "LAT-ch (Women)"]
[Site "Riga"]
[Date "2013.04.14"]
[Round "2"]
[White "Ungure, Liga"]
[Black "Matisone, Dana"]
[Result "0-1"]
[WhiteElo "2043"]
[BlackElo "1719"]
[PlyCount "130"]
[EventDate "2013.04.13"]
[EventType "swiss"]
[EventRounds "9"]
[EventCountry "LAT"]
[SourceTitle "CBM 154 Extra"]
[Source "ChessBase"]
[SourceDate "2013.06.25"]
[SourceVersion "2"]
[SourceVersionDate "2013.06.25"]
[SourceQuality "1"]

1. e4 c6 2. d4 d5 3. Nc3 dxe4 4. Nxe4 Bf5 5. Ng3 Bg6 6. Nf3 Nd7 7. h4 h6 8. Bd3 Bxd3 9. Qxd3 Ngf6 10. Bd2 e6 11. 0-0-0 Qc7 12. c4 Rd8 13. Qe2 Be7 14. Rhe1 0-0 15. Kb1 Rfe8 16. Ne5 c5 17. Nxf7 Kxf7 18. Qxe6+ Kf8 19. Nf5 Qc6 20. d5 Qxe6 21. Rxe6 Kf7 22. Rde1 Bf8 23. Bf4 Kg6 24. Ng3 Rxe6 25. dxe6 Re8 26. Kc2 Nb6 27. b3 Nc8 28. Bb8 Bd6 29. Bxd6 Nxd6 30. Re5 b6 31. h5+ Kh7 32. f4 Ng4 33. Re2 g6 34. a3 Kg7 35. Kc3 Kf6 36. hxg6 Kxg6 37. b4 h5 38. bxc5 bxc5 39. Re1 h4 40. Nf1 Kf5 41. Nd2 Kxf4 42. Rh1 Rxe6 43. Rxh4 Re3+ 44. Kb2 Rd3 45. Nb3 Nxc4+ 46. Kc2 Rd5 47. a4 Nce3+ 48. Kc3 c4 49. Nd4 a5 50. Rh8 Ke4 51. Re8+ Ne5 52. Nb5 Rd3+ 53. Kb2 Rd2+ 54. Kb1 Rd3 55. Ra8 Rd1+ 56. Ka2 Rd2+ 57. Kb1 Nd3 58. Re8+ Kf4 59. Rf8+ Kg5 60. Rg8+ Kf6 61. Na3 Rd1+ 62. Ka2 Nb4+ 63. Kb2 Rd2+ 64. Kb1 c3 65. Ra8 Rd1# 0-1